Statistics for Names of Burton Guster

Click here to take the quiz!

General Stats

  • This quiz has been taken 267 times
  • The average score is 8 of 20

Answer Stats

HintAnswer% Correct
Control AltDelete
76%
MagicHead
76%
GheeButtersnaps
75%
UsainBolt
65%
(From the Cosby Show)Bud
65%
BrutonGaster
65%
JazzHands
59%
Gus T.T.Showbiz
57%
FearlessGuster
51%
DieHarder
36%
Silly-PantsJackson
33%
John JacobJingleheimer Schmidt
22%
BlackMagic
22%
SuperSmeller
19%
FrederickDouglass
17%
GForce
12%
NickNack
10%
JetBlackness
7%
SlickFingers
6%
ArtVandelay
3%

Score Distribution

Percentile by Number Answered

Percent of People with Each Score

Your Score History

You have not taken this quiz